LDR 01010naa#a2200181#i#450# 001 RU\\bibl\19909 005 20260702073825.4 100 ## _a20260630b2026####ek#y0rusy0150####ca 102 ## _aRU 200 1# _aФОРМАЛИЗАЦИЯ И МОДЕЛЬ ПРЕДСТАВЛЕНИЯ РЕЗУЛЬТАТОВ МОДЕЛИРОВАНИЯ ДЛЯ ЗАДАЧ ПАРАМЕТРИЧЕСКОЙ ВЕРИФИКАЦИИ _eСтатья/тезисы конференции 210 1# _aВоронеж _cВоронежский государственный лесотехнический университет имени Г.Ф. Морозова _d2026 215 ## _a8 с. 608 ## _aСтатья/тезисы конференции _2local 675 ## _aОбнаружение ошибок. Проверка достоверности данных. Верификация данных. 004.052.42 _z 700 #1 _aАлфимов _gА. В. 700 #1 _aАвилова _gО. А. 700 #1 _aТен _gРоман Валерьевич 856 4# _abibl.vgltu.ru _u